000 01007nam a22002657a 4500
005 20170124103056.0
010 _aA-765703
020 _c100.00
035 _aA-765703
037 _bCen Lib/Ret
040 _aDPL
_bHN
082 _a
_bबेदीसु
100 _aबेदी, सुषम
_974781
245 _aहवन /
_cसुषम बेदी
246 _aHavan /
_bby Susham Bedi
250 _aद्वितीय संस्करण
260 _aदिल्ली
_bअभिरुचि प्रकाशन
_c1996
270 _bदिल्ली
_a3/114, कर्ण गली, विश्वासनगर, शाहदरा
_e110032
300 _a144पृ.
_c20सेमी(सजिल्द)
650 _aहिन्दी साहित्य
_974782
650 _aहिन्दी -- उपन्यास
_974783
650 _aHindi literature
_974784
650 _aHindi -- Fiction
_927248
942 _2ddc
_cHN
_h
_mबेदीसु
999 _c117472
_d117472